Nghiên cứu chiết tách, xác định thành phần của carageenan từ cây rong sụn ở Ninh Thuận

Tổng quan tài liệu. Nguyên liệu và phương pháp nghiên cứu. Kết quả và thảo luận

Đã lưu trong:
Sonraí Bibleagrafaíochta
Príomhúdar: Trương Thị Thủy
Údair Eile: Lê Thị Liên Thanh PGS.TS (Hướng dẫn)
Formáid: Leabhar
Teanga:Vietnamese
Foilsithe: Đà Nẵng Đại học Đà Nẵng 2011
Ábhair:
Clibeanna: Cuir Clib Leis
Gan Chlibeanna, Bí ar an gcéad duine leis an taifead seo a chlibeáil!
Thư viện lưu trữ: Mạng thư viện Đại học Đà Nẵng
LEADER 01230nam a2200337 4500
001 000010533
003 6738
005 20111214161223.0
008 111214s2011 viesd
041 |a vie 
072 |a Luận văn Thạc sĩ Khoa học 
082 |a 664.022  |b TR-T 
100 |a Trương Thị Thủy 
245 |a Nghiên cứu chiết tách, xác định thành phần của carageenan từ cây rong sụn ở Ninh Thuận  |c Trương Thị Thủy 
260 |a Đà Nẵng  |b Đại học Đà Nẵng  |c 2011 
300 |a 68tr  |c 29cm  |e CD. Tóm tắt luận văn 
500 |a Luận văn Thạc sĩ Khoa học. Chuyên ngành: Hóa hữu cơ. Mã số: 60.44.27 
520 |a Tổng quan tài liệu. Nguyên liệu và phương pháp nghiên cứu. Kết quả và thảo luận 
653 |a Hóa học 
653 |a Luận văn Thạc sĩ Hóa hữu cơ 
653 |a carageenan 
653 |a chiết tách 
700 |a Lê Thị Liên Thanh  |c PGS.TS  |e Hướng dẫn 
OWN |a LSP 
999 |a From the UDN01 
TYP |a Monograph 
TYP |a Printed language 
980 |a Mạng thư viện Đại học Đà Nẵng